二次医療圏 - Statistics

General Stats
  • This quiz has been taken 82 times
  • The average score is 89 of 335
Answers on the Map
Answers color-coded by a green-red scale on the quiz's map according to % correct below.
 
Answer Stats
都道府県 二次医療圏 % Correct
北海道 釧路くしろ
77%
岐阜県 飛騨ひだ
77%
北海道 根室ねむろ
73%
北海道 札幌さっぽろ
72%
北海道 十勝とかち
69%
新潟県 佐渡さど
69%
和歌山県 那賀なが
69%
北海道 日高ひだか
67%
北海道 宗谷そうや
67%
青森県 青森地域あおもりちいき
64%
千葉県 安房あわ
63%
島根県 隠岐おき
63%
青森県 八戸地域はちのへちいき
61%
新潟県 新潟にいがた
61%
高知県 安芸あき
61%
北海道 留萌るもい
59%
岩手県 盛岡もりおか
59%
宮城県 仙台せんだい
59%
富山県 富山とやま
59%
福島県 いわき
58%
岩手県 | 沖縄県 宮古みやこ
58%
新潟県 上越じょうえつ
58%
兵庫県 淡路あわじ
58%
島根県 松江まつえ
58%
青森県 津軽地域つがるちいき
56%
広島県 広島ひろしま
56%
愛知県 海部あま
55%
山口県 下関しものせき
55%
茨城県 水戸みと
53%
富山県 高岡たかおか
53%
静岡県 静岡しずおか
53%
奈良県 奈良なら
53%
長崎県 対馬つしま
53%
熊本県 球磨くま
53%
青森県 下北地域しもきたちいき
52%
栃木県 宇都宮うつのみや
52%
佐賀県 | 埼玉県 | 大分県 | +2 others 南部なんぶ
52%
佐賀県 | 埼玉県 | 大分県 | +3 others 東部とうぶ
52%
佐賀県 | 埼玉県 | 大分県 | 沖縄県 北部ほくぶ
52%
長野県 松本まつもと
52%
長野県 長野ながの
52%
島根県 出雲いずも
52%
愛媛県 松山まつやま
52%
長崎県 壱岐いき
52%
北海道 後志しりべし
50%
佐賀県 | 埼玉県 | 大分県 | +4 others 西部せいぶ
50%
佐賀県 | 大分県 | 沖縄県 | 鳥取県 中部ちゅうぶ
50%
愛媛県 今治いまばり
50%
福岡県 北九州きたきゅうしゅう
50%
長崎県 長崎ながさき
50%
長崎県 五島ごとう
50%
滋賀県 大津おおつ
48%
兵庫県 神戸こうべ
48%
山口県 岩国いわくに
48%
山口県 はぎ
48%
岩手県 久慈くじ
47%
山形県 庄内しょうない
47%
神奈川県 横浜よこはま
47%
静岡県 富士ふじ
47%
島根県 大田おおだ
47%
群馬県 前橋まえばし
45%
千葉県 千葉ちば
45%
新潟県 中越ちゅうえつ
45%
岐阜県 岐阜ぎふ
45%
兵庫県 但馬たじま
45%
和歌山県 和歌山わかやま
45%
岩手県 釜石かまいし
44%
茨城県 日立ひたち
44%
富山県 砺波となみ
44%
島根県 浜田はまだ
44%
愛媛県 宇和島うわじま
44%
鹿児島県 奄美あまみ
44%
茨城県 つくば
42%
栃木県 | 福島県 | 長崎県 県南けんなん
42%
新潟県 魚沼うおぬま
42%
島根県 益田ますだ
42%
福岡県 久留米くるめ
42%
栃木県 | 福島県 県北けんほく
41%
三重県 北勢ほくせい
41%
高知県 中央ちゅうおう
41%
熊本県 天草あまくさ
41%
鹿児島県 鹿児島かごしま
41%
岩手県 二戸にのへ
39%
山形県 置賜おきたま
39%
新潟県 下越かえつ
39%
広島県 くれ
39%
山口県 周南しゅうなん
39%
山形県 最上もがみ
38%
栃木県 | 神奈川県 県西けんせい
38%
京都府 丹後たんご
38%
兵庫県 丹波たんば
38%
鹿児島県 出水いずみ
38%
北海道 富良野ふらの
36%
岩手県 気仙けせん
36%
茨城県 土浦つちうら
36%
埼玉県 秩父ちちぶ
36%
神奈川県 相模原さがみはら
36%
福井県 嶺南れいなん
36%
長野県 佐久さく
36%
熊本県 阿蘇あそ
36%
熊本県 八代やつしろ
36%
宮城県 仙南せんなん
34%
栃木県 県東けんとう
34%
長野県 諏訪すわ
34%
長野県 木曽きそ
34%
滋賀県 甲賀こうか
34%
和歌山県 田辺たなべ
34%
山口県 長門ながと
34%
埼玉県 | 新潟県 | 神奈川県 | 長崎県 県央けんおう
33%
山形県 村山むらやま
31%
香川県 小豆しょうど
31%
秋田県 横手よこて
30%
群馬県 伊勢崎いせさき
30%
千葉県 市原いちはら
30%
大阪府 三島みしま
30%
和歌山県 新宮しんぐう
30%
埼玉県 さいたま
28%
埼玉県 南西部なんせいぶ
28%
滋賀県 湖南こなん
28%
長崎県 上五島かみごとう
28%
群馬県 渋川しぶかわ
27%
群馬県 沼田ぬまた
27%
群馬県 桐生きりゅう
27%
和歌山県 橋本はしもと
27%
島根県 雲南うんなん
27%
秋田県 北秋田きたあきた
25%
石川県 能登北部のとほくぶ
25%
滋賀県 湖北こほく
23%
滋賀県 湖西こせい
23%
大阪府 堺市さかいし
23%
大阪府 大阪市おおさかし
23%
和歌山県 有田ありだ
23%
熊本県 宇城うき
23%
福島県 県中けんちゅう
22%
群馬県 吾妻あがつま
22%
滋賀県 湖東ことう
22%
和歌山県 御坊ごぼう
22%
山口県 柳井やない
22%
福岡県 飯塚いいづか
22%
茨城県 鹿行ろっこう
20%
群馬県 藤岡ふじおか
20%
千葉県 君津きみつ
20%
東京都 西多摩にしたま
20%
愛知県 知多半島ちたはんとう
20%
福岡県 田川たがわ
20%
福島県 相双そうそう
19%
群馬県 富岡とみおか
19%
岐阜県 西濃せいのう
19%
岐阜県 東濃とうのう
19%
福岡県 宗像むなかた
19%
沖縄県 八重山やえやま
19%
北海道 南空知みなみそらち
17%
北海道 中空知なかそらち
17%
北海道 北空知きたそらち
17%
岐阜県 中濃ちゅうのう
17%
静岡県 賀茂かも
17%
京都府 南丹なんたん
17%
大阪府 北河内きたかわち
17%
大阪府 中河内なかかわち
17%
大阪府 南河内みなみかわち
17%
北海道 上川北部かみかわほくぶ
16%
東京都 南多摩みなみたま
16%
滋賀県 東近江ひがしおうみ
16%
高知県 幡多はた
16%
熊本県 菊池きくち
16%
北海道 南渡島みなみおしま
14%
北海道 西胆振にしいぶり
14%
北海道 東胆振ひがしいぶり
14%
北海道 上川中部かみかわちゅうぶ
14%
富山県 新川にいかわ
14%
石川県 能登中部のとちゅうぶ
14%
兵庫県 阪神はんしん
14%
岡山県 真庭まにわ
14%
熊本県 芦北あしきた
14%
愛媛県 新居浜にいはま西条さいじょう
14%
山梨県 中北ちゅうほく
13%
山梨県 峡東きょうとう
13%
山梨県 峡南きょうなん
13%
福岡県 福岡ふくおか糸島いとしま
13%
秋田県 由利本荘ゆりほんじょう・にかほ
11%
福井県 奥越おくえつ
11%
長野県 北信ほくしん
11%
静岡県 熱海伊東あたみいとう
11%
大阪府 泉州せんしゅう
11%
兵庫県 東播磨ひがしはりま
11%
福岡県 朝倉あさくら
11%
秋田県 大館おおだて鹿角かづの
11%
群馬県 高崎たかさき安中あんなか
11%
山口県 山口やまぐち防府ほうふ
11%
山口県 宇部うべ小野田おのだ
11%
岩手県 両磐りょうばん
9%
千葉県 印旛いんば
9%
千葉県 香取海匝かとりかいそう
9%
神奈川県 川崎北部かわさきほくぶ
9%
神奈川県 川崎南部かわさきなんぶ
9%
長野県 大北たいほく
9%
三重県 東紀州ひがしきしゅう
9%
大阪府 豊能とよの
9%
愛媛県 宇摩うま
9%
福岡県 粕屋かすや
9%
福岡県 京築けいちく
9%
鹿児島県 曽於そお
9%
北海道 南檜山みなみひやま
8%
青森県 西北五地域せいほくごちいき
8%
埼玉県 利根とね
8%
神奈川県 湘南東部しょうなんとうぶ
8%
神奈川県 湘南西部しょうなんせいぶ
8%
長野県 上伊那かみいな
8%
三重県 中勢伊賀ちゅうせいいが
8%
三重県 南勢志摩なんせいしま
8%
奈良県 南和なんわ
8%
秋田県 能代のしろ山本やまもと
8%
秋田県 大仙だいせん仙北せんぼく
8%
秋田県 湯沢ゆざわ雄勝おがち
8%
群馬県 太田おおた館林たてばやし
8%
神奈川県 横須賀よこすか三浦みうら
8%
広島県 福山ふくやま府中ふちゅう
8%
愛媛県 八幡浜やわたはま大洲おおず
8%
北海道 北網ほくもう
6%
栃木県 両毛りょうもう
6%
埼玉県 川越比企かわごえひき
6%
千葉県 東葛南部とうかつなんぶ
6%
千葉県 東葛北部とうかつほくぶ
6%
東京都 とうしょ
6%
石川県 南加賀みなみかが
6%
福井県 丹南たんなん
6%
長野県 上小じょうしょう
6%
愛知県 西三河北部にしみかわほくぶ
6%
愛知県 東三河北部ひがしみかわほくぶ
6%
愛知県 東三河南部ひがしみかわなんぶ
6%
京都府 中丹ちゅうたん
6%
兵庫県 北播磨きたはりま
6%
奈良県 西和せいわ
6%
岡山県 県南東部けんなんとうぶ
6%
岡山県 県南西部けんなんせいぶ
6%
広島県 備北びほく
6%
鹿児島県 熊毛くまげ
6%
宮城県 大崎おおさき栗原くりはら
6%
岡山県 高梁たかはし新見にいみ
6%
福岡県 直方のおがた鞍手くらて
6%
北海道 北渡島檜山きたおしまひやま
5%
北海道 遠紋えんもん
5%
青森県 上十三地域かみとうさんちいき
5%
岩手県 岩手中部いわてちゅうぶ
5%
岩手県 胆江たんこう
5%
茨城県 常陸太田ひたちおおた・ひたちなか
5%
千葉県 山武長生夷隅さんぶちょうせいいすみ
5%
東京都 北多摩西部きたたませいぶ
5%
東京都 北多摩南部きたたまなんぶ
5%
東京都 北多摩北部きたたまほくぶ
5%
愛知県 尾張東部おわりとうぶ
5%
愛知県 尾張西部おわりせいぶ
5%
愛知県 尾張北部おわりほくぶ
5%
愛知県 西三河南部西にしみかわなんぶにし
5%
愛知県 西三河南部東にしみかわなんぶひがし
5%
広島県 尾三びさん
5%
高知県 高幡こうばん
5%
福岡県 筑紫つくし
5%
熊本県 | 福岡県 有明ありあけ
5%
鹿児島県 南薩なんさつ
5%
鹿児島県 肝属きもつき
5%
茨城県 取手とりで竜ヶ崎りゅうがさき
5%
茨城県 古河こが坂東ばんどう
5%
京都府 京都きょうと乙訓おとくに
5%
熊本県 熊本くまもと上益城かみましき
5%
鹿児島県 姶良あいら伊佐いさ
5%
宮城県 石巻いしのまき登米とめ気仙沼けせんぬま
5%
秋田県 秋田周辺あきたしゅうへん
3%
東京都 区中央部くちゅうおうぶ
3%
東京都 区南部くなんぶ
3%
東京都 区西南部くせいなんぶ
3%
東京都 区西部くせいぶ
3%
東京都 区西北部くせいほくぶ
3%
東京都 区東北部くとうほくぶ
3%
東京都 区東部くとうぶ
3%
石川県 石川中央いしかわちゅうおう
3%
長野県 飯伊はんい
3%
静岡県 駿東田方すんとうたがた
3%
静岡県 志太榛原しだはいばら
3%
静岡県 中東遠ちゅうとうえん
3%
京都府 山城北やましろきた
3%
京都府 山城南やましろみなみ
3%
兵庫県 播磨姫路はりまひめじ
3%
奈良県 東和とうわ
3%
奈良県 中和ちゅうわ
3%
広島県 広島西ひろしまにし
3%
広島県 広島中央ひろしまちゅうおう
3%
長崎県 佐世保県北させぼけんほく
3%
熊本県 鹿本かもと
3%
大分県 豊肥ほうひ
3%
宮崎県 宮崎東諸県みやざきひがしもろかた
3%
宮崎県 都城北諸県みやこのじょうきたもろかた
3%
宮崎県 延岡西臼杵のべおかにしうすき
3%
宮崎県 日南串間にちなんくしま
3%
宮崎県 西諸にしもろ
3%
宮崎県 西都児湯さいとこゆ
3%
宮崎県 日向入郷ひゅうがいりごう
3%
鹿児島県 川薩せんさつ
3%
福島県 会津あいづ南会津みなみあいづ
3%
茨城県 筑西ちくせい下妻しもつま
3%
福井県 福井ふくい坂井さかい
3%
山梨県 富士ふじ東部とうぶ
3%
愛知県 名古屋なごや尾張中部おわりちゅうぶ
3%
岡山県 津山つやま英田あいだ
3%
福岡県 八女やめ筑後ちくご
3%
No matching quizzes found
Score Distribution
Percent of People with Each Score
Percentile by Number Answered
Your Score History
You have not taken this quiz